Por la verdad, la tradición y la patria: opúsculos
保存先:
| 第一著者: | |
|---|---|
| フォーマット: | 図書 |
| 言語: | スペイン語 |
| 出版事項: |
Lima
Torres Aguirre
1938
|
| 主題: | |
| タグ: |
タグ追加
タグなし, このレコードへの初めてのタグを付けませんか!
|
MARC
| LEADER | 00000nam a2200000 a 4500 | ||
|---|---|---|---|
| 001 | UCO3264 | ||
| 003 | CL-VaPUC | ||
| 008 | 000714e19380000PE |||||||||||||||||spa|d | ||
| 082 | 0 | 4 | |a 985 |b RIV |2 21 |
| 100 | 0 | |a Riva-Agüero, José de la |e author |9 430971 | |
| 245 | 1 | 0 | |a Por la verdad, la tradición y la patria: opúsculos |
| 300 | |a v | ||
| 942 | |c BK | ||
| 945 | |d 20000714 00:00:00 |a rherrera | ||
| 260 | |a Lima |b Torres Aguirre |c 1938 | ||
| 600 | 0 | |a VEGA, GARCILASO DE LA |9 508868 | |
| 650 | 0 | |a Historia de Perú |9 316239 | |
| 650 | 0 | |a Opúsculos |9 363732 | |
| 651 | 0 | |a Perú |9 256567 | |
| 583 | |a last modification |c 20000714 00:00:00 |k Rodrigo Vera | ||
| 999 | |c 289732 |d 289730 | ||
| 952 | |0 0 |1 0 |4 0 |6 985_000000000000000_RIV_1938 |7 0 |8 X |9 338351 |a BIBHIS |b BIBHIS |d 2019-11-20 |h v.2 |i 1297333 |o 985 RIV 1938 |p 1297333 |r 2024-01-30 |w 2019-11-20 |y BK_X |k HIS | ||